Teoría general del negocio jurídico
Sparad:
| Huvudupphovsman: | |
|---|---|
| Materialtyp: | Bok |
| Språk: | spanska |
| Publicerad: |
Madrid
Revista de Derecho Privado
1959
|
| Upplaga: | 2a. ed |
| Serie: | Monografías Fundamentales de Derecho Privado y Público, 16
|
| Ämnen: | |
| Taggar: |
Lägg till en tagg
Inga taggar, Lägg till första taggen!
|
MARC
| LEADER | 00000nam a2200000 a 4500 | ||
|---|---|---|---|
| 001 | UCS1717 | ||
| 003 | CL-VaPUC | ||
| 008 | 970515e19590000SP |||||||||||||||||spa|d | ||
| 082 | 0 | 4 | |a 346.013 |b BET |2 21 |
| 100 | 0 | |a Betti, Emilio |e author |9 386442 | |
| 245 | 1 | 0 | |a Teoría general del negocio jurídico |
| 250 | |a 2a. ed | ||
| 300 | |a 465 p | ||
| 942 | |c BK | ||
| 945 | |d 19970515 00:00:00 |a paguirre | ||
| 260 | |a Madrid |b Revista de Derecho Privado |c 1959 | ||
| 650 | 0 | |a Derecho civil |9 255013 | |
| 650 | 0 | |a Negocio jurídico |9 258242 | |
| 650 | 7 | |a HECHO JURIDICO |2 CL-VaPUC |9 384051 | |
| 650 | 0 | |a Actos jurídicos |9 255748 | |
| 583 | |a last modification |c 19970515 00:00:00 |k Rodrigo Vera | ||
| 490 | 0 | |a Monografías Fundamentales de Derecho Privado y Público, 16 | |
| 999 | |c 259749 |d 259747 | ||
| 952 | |0 0 |1 0 |4 0 |6 346_013000000000000_BET_1959 |7 0 |8 A |9 285055 |a BIBDER |b BIBDER |d 2019-11-19 |i 185013K |o 346.013 BET 1959 |p 185013K |r 2023-01-25 |w 2019-11-19 |y BK |k DER | ||
| 952 | |0 0 |1 0 |4 0 |6 346_013000000000000_BET_1959 |7 0 |8 A |9 285056 |a BIBDER |b BIBDER |d 2019-11-19 |i 4129350 |o 346.013 BET 1959 |p 4129350 |r 2023-01-25 |w 2019-11-19 |y BK |k DER | ||